00681cam a2200229 i 4500001000800000005001700008008004100025010001700066020001100083040001800094041000800112080001000120082001400130100000700144101000800151245005400159504005100213906004500264942001200309999001700321952011300338181208720180129091901.0790524s1978 nyu b 001 0 eng  a 79107649  c$16.50 aDLCcDLCdDLC aeng a530.800a530.8 GRE1 a52 aEKO10aMetric conversion handbook /cby Marvin H. Green. aIncludes bibliographical references and index. a7bcbccorignewd2encipf19gy-gencatlg 2ddccBK c41195d41195 00102udc40708PËKGa002b002cPËKGd2018-01-29l0o530.8 GREp002-2996873r2018-01-29w2018-01-29yBK